Statistiques concernant Drapeau et capitale de pays aléatoires.

Cliquez ici pour prendre le quiz!

Statistiques générales

  • Ce quiz a été pris 138 fois
  • Le résultat moyen est 7 sur 10

Statistiques - réponses

QuestionRéponse% Correct
Quel est le drapeau du Brunei ?
84%
Quelle est la capitale de la Lituanie ?Vilnius
79%
Quelle est la capitale du Rwanda ?Kigali
75%
Quel est le drapeau de la Lituanie?
74%
Quelle est la capitale du Kiribati ?Tarawa
74%
Quel est le drapeau du Rwanda ?
73%
Quel est le drapeau de Sainte Lucie?
73%
Quel est le drapeau du Kiribati ?
70%
Quelle est la capitale du Brunei?Bandar Seri Begawan
63%
Quelle est la capitale de Sainte Lucie ?Castries
60%

Distribution des résultats

Percentile par nombre de réponses

% des personnes avec chaque résultat

Votre développement - résultats

Vous n’avez pas pris ce quiz